|
|
|
|
| LEADER |
00000nam a22000007a 4500 |
| 005 |
20220214224323.0 |
| 007 |
cr|||| |||| |
| 008 |
220214s2013 co |||||s|||| 00||0 spa d |
| 020 |
|
|
|a 978-958-771-030-4
|
| 035 |
|
|
|a 35805
|
| 040 |
|
|
|a vLex
|
| 090 |
|
|
|c 12992
|d 12992
|
| 100 |
1 |
|
|a Mantilla Blanco, Samuel Alberto
|
| 245 |
1 |
0 |
|a IFRS/NIIF plenos
|h [Recurso electrn̤ico] :
|b A su alcance, para facilitar su implementacin̤ /
|c Samuel Alberto Mantilla Blanco
|
| 256 |
|
|
|a Servicio en ln̕ea
|
| 260 |
|
|
|a Bogot:̀
|b ECOE,
|c 2013
|
| 300 |
|
|
|a 1 recurso electrn̤ico
|
| 500 |
|
|
|a En esta publicacin̤ se le ofrece al lector los resm︢enes de cada uno de los estǹdares y orientaciones que constituyen el conjunto denominado IFRS (NIIF) plenos. Estos resm︢enes son presentados con props̤itos acadm̌icos. Han sido preparados con base en la l︢tima versin̤ disponible del Estǹdar o Interpretacin̤ correspondiente. La traduccin̤ es propia del autor de este libro y no necesariamente coincide con la traduccin̤ oficial. El lector debe recordar que en la aplicacin̤ lo que vale es el estǹdar efectivo para los estados financieros correspondientes, as ̕que debe buscar la versin̤ original del estǹdar. El lector debe estar atento a las modificaciones que un Estǹdar o Interpretacin̤ tenga por efecto de los cambios realizados a otro Estǹdar o Interpretacin̤, por el proceso anual de mejoramientos o por otros factores. Las versiones que se ofrecen en este resumen son las vigentes al 1 de enero de 2013.
|
| 506 |
1 |
|
|a Disponible solo en los productos indicados
|d vLex Global
|d vLex Global (Academic Edition, excluding Law Schools)
|d vLex Global (U.S. Academic Edition, Law Schools)
|d vLex Global (U.S. Academic Edition, excluding Law Schools)
|d vLex Global (Academic Edition, Law Schools)
|
| 650 |
0 |
4 |
|a Contabilidad
|z Colombia
|
| 650 |
0 |
4 |
|a Banca y finanzas
|z Colombia
|
| 740 |
0 |
|
|a vLex Libros (Servicio en ln̕ea)
|
| 856 |
4 |
0 |
|u https://app.vlex.com/#/sources/35805
|z Acceso restringido
|
| 942 |
|
|
|c BOOK
|
| 999 |
0 |
|
|a Accounting
|
| 999 |
0 |
|
|a Banking and finance
|